Bhārata ke vanya paśu. (Record no. 86077)

MARC details
000 -LEADER
fixed length control field 00564cam a22002291 4500
001 - CONTROL NUMBER
control field sa 68014870
003 - CONTROL NUMBER IDENTIFIER
control field DLC
005 - DATE AND TIME OF LATEST TRANSACTION
control field 20260227112636.0
008 - FIXED-LENGTH DATA ELEMENTS--GENERAL INFORMATION
fixed length control field 890705s1966 ii a 000 0 hino
010 ## - LIBRARY OF CONGRESS CONTROL NUMBER
LC control number sa 68014870
035 ## - SYSTEM CONTROL NUMBER
System control number (OCoLC)19963544
040 ## - CATALOGING SOURCE
Original cataloging agency DLC
Transcribing agency WaU
Modifying agency DLC
042 ## - AUTHENTICATION CODE
Authentication code premarc
043 ## - GEOGRAPHIC AREA CODE
Geographic area code a-ii---
050 00 - LIBRARY OF CONGRESS CALL NUMBER
Classification number QL309
Item number .S45
100 1# - MAIN ENTRY--PERSONAL NAME
Personal name Sharma, Shri Ram,
Dates associated with a name 1892-1967.
245 10 - TITLE STATEMENT
Title Bhārata ke vanya paśu.
260 ## - PUBLICATION, DISTRIBUTION, ETC.
Date of publication, distribution, etc. [1966]
300 ## - PHYSICAL DESCRIPTION
Extent 246 p.
Other physical details illus. (part col.)
Dimensions 25 cm.
500 ## - GENERAL NOTE
General note In Hindi.
650 #0 - SUBJECT ADDED ENTRY--TOPICAL TERM
Topical term or geographic name entry element Zoology
Geographic subdivision India.

No items available.

Powered by Koha